000 00355pab a2200157 454500
008 180718b2009 xxu||||| |||| 00| 0 eng d
100 _aChoudhary, Sujit Kumar
245 _aUnderstanding ethnography
260 _c2009
300 _ap.213-26.
362 _aApr-Jun
650 _aEthnology
773 _aSocial Action
908 _aN
909 _a82254
999 _c82254
_d82254